000 00377nam a2200157Ia 4500
008 240729s9999 xx 000 0 und d
022 _a1999-4915
245 0 _aViruses
260 _aSwitzerland
260 _bMDPI AG
650 _a Microbiology
650 _aScience
856 _uhttps://doaj.org/toc/1019b5b8446b47388bf2c90248d65ced
942 _2ddc
942 _cDOAJEJ
999 _c67565
_d67565
945 _a1
_bMadushi Gamage
_c1
_dMadushi Gamage